Moreplavec Vasco da Gama (1)

Bibliographic Details
Main Author: Tomek, Marko (Author)
Format: Article
Language:Slovak
ISSN:0862-8823
Subjects:

MARC

LEADER 00000nab a2200000 a 4500
001 vtls000817027
003 SK-MaSNL
005 20260302151109.0
008 160322c xo 0 slo
015 |a SNBRB2002/12-39756 
035 |a CLN000168682 
040 |a SNKBUCL  |b slo  |c SNKBUCL  |e AACR2 
041 0 |a slo 
044 |a xo  |c SK 
080 |a 910.4-051  |2 UDC-MRF-SK2 
080 |a 929 Gama, Vasco da  |2 UDC-MRF-SK2 
100 1 |a Tomek, Marko  |4 aut  |9 842000 
245 1 0 |a Moreplavec Vasco da Gama  |n (1)  |c Marko Tomek 
500 |a Pokračovanie v č. 23/2002 
600 1 7 |a Gama, Vasco da  |d 1469-1524  |x životopisy  |2 snkbucl  |9 842001 
655 7 |a články z novín a časopisov  |2 snkbucl  |9 267496 
773 0 |x 0862-8823  |t Slovenské národné noviny  |g Roč. 13 (17), č. 22 (2002), s. 9 
850 |a Slovenská národná knižnica v Martine 
852 |a SNK  |b KIS3GCP 
958 |a SK 
958 |a MS 
958 |a BX 
958 |a RBX 
999 |c 1359021  |d 1360951